000 01166cam a22003131 4500
001 gs 47000282
003 DLC
005 20260227111353.0
008 780228s1947 msuab b 000 0 eng c
010 _ags 47000282
035 _a(OCoLC)3677762
040 _aU.S. Geol. Survey. Libr.
_cOT
_dOCoLC
_dDLC
042 _apremarc
050 0 0 _aQE129
_b.A2 no. 64
082 _a553
110 2 _aMississippi Geological, Economic, and Topographical Survey.
245 0 0 _aItawamba County mineral resources: Geology,
_cby Franklin Earl Vestal; Tests, by Harry J. Knollman.
260 _bUniversity,
_c1947.
300 _a151 p.
_billus., fold. map (in pocket)
_c23 cm.
490 1 _aIts Bulletin
_v64
500 _aAt head of title: Mississippi State Geological Survey.
504 _a"References": p. 117.
650 0 _aGeology
_zMississippi
_zItawamba County.
650 0 _aMines and mineral resources
_zMississippi
_zItawamba County.
650 0 _aClay
_xTesting.
700 1 _aVestal, Franklin E.
_q(Franklin Earl),
_d1884-1969.
700 1 _aKnollman, Harry John,
_d1889-
810 2 _aMississippi Geological, Economic, and Topographical Survey.
_tBulletin
_v64.
999 _c28195
_d28195